000 00464nam a2200181Ia 4500
005 20250923144537.0
008 008 250917s9999 xx 000 0 eng d
037 _aTextual
040 _aDSWL
_beng
_cDSWL
041 _aeng
_2eng
084 _qDSWL
100 _aKlein, V
_9825945
245 0 _aFeminine character
_cby V Klein
260 _aLondon
_bKegan Paul
_c1946
300 _axvi,228p.
942 _cTEXL
999 _c1440250
_d1440250